Bilecik Bilecik Bilecik Bilecik Bilecik

Toprak ana/ (Record no. 25876)

MARC details
000 -BAŞLIK
Sabit Uzunluktaki Kontrol Alanı 01669nam a22003497a 4500
001 - KONTROL NUMARASI
Control Dosyası 0025929
003 - KONTROL NUMARASI KİMLİĞİ
Kontrol Alanı KOHA_MİRAKIL
005 - EN SON İŞLEM TARİHİ ve ZAMANI
Kontrol Alanı 20260207002514.0
007 - FİZİKSEL TANIM SABİT ALAN - GENEL BİLGİ
Sabit uzunluklu kontrol alanı ta
008 - SABİT UZUNLUKTAKİ VERİ ÖGELERİ - GENEL BİLGİ
Sabit Alan 101209b2010 tu |||gr||||#||||1|tur |
020 ## - ISBN - ULUSLARARASI STANDART KİTAP NUMARASI
Isbn 9789754371543
Kullanılabilirlik koşulları 5
040 ## - KATALOGLAMA KAYNAĞI
Özgün Kataloglama Kurumu TR-BiSEU
Kataloglama Dili tur
Çeviri Kurumu TR-BiSEU
Açıklama Kuralları rda
041 0# - DİL KODU
Metin ya da ses kaydının dil kodu tur
044 ## - YAYINLAYAN/ÜRETEN KURULUŞUN ÜLKE KODU
ISO country code tu
050 ## - SINIFLAMA ve YER NUMARASI
Sınıflama Numarası PG3478.I8
Yer Numarası T67 2010
100 1# - KİŞİ ADI
Yazar Adı (Kişi adı) Aytmatov, Cengiz.
245 1# - ESER ADI BİLDİRİMİ
Başlık Toprak ana/
Sorumluluk Bildirimi Cengiz Aytmatov ; Cengiz Aytmatov ; çeviren Refik Özdek.
250 ## - BASIM BİLDİRİMİ
Basım Bildirimi 19. bsm.
264 #1 - ÜRERİM, YAYIN, DAĞITIM ve TELİF BİLDİRİMİ
Yayın yeri İstanbul :
Yayınlayan Ötüken Neşriyat
Yayın tarihi 2010
300 ## - FİZİKSEL TANIMLAMA
Sayfa, Cilt vb. 143 sayfa; 19 cm.
336 ## - İÇERİK TÜRÜ
Content type term metin
Content type code txt
Source rdacontent
337 ## - MEDYA TÜRÜ
Media type term aracısız
Media type code n
Source rdamedia
338 ## - TAŞIYICI TÜRÜ
Carrier type term cilt
Carrier type code nc
Source rdacarrier
490 1# - DİZİ BİLDİRİMİ
Dizi Bildirimi Ötüken Neşriyat ;
Cilt Numarası yayın no: 298.
490 1# - DİZİ BİLDİRİMİ
Dizi Bildirimi Edebi eserler ;
Cilt Numarası 154
505 ## - İÇİNDEKİLER NOTU
İçindekiler Notu Erkekleri askere alınan köylerde geride kalanların çektiği sıkıntılar etkileyici bir üslupla anlatılır. Eldeki yetersiz yiyeceğin muhtaç olandan başlanarak dağıtılması, dört gözle beklenen hasat zamanları, umutların hasat zamanına ertelenmesi, savaş yüzünden ürünün hemen hepsinin merkezden istenmesi, boşa çıkan umutlar, yine açlık, sefalet, bir yandan cepheden gelen ölüm haberleri, umutsuz bekleyişler, savaşın uzun sürmesi üzerine aşağı çekilen cepheye çağrılma yaşı, yine gidenler, ayrılıklar, gözyaşları... Yani tek kelimeyle ve bütün zulmetiyle; savaş.
650 #0 - KONU BAŞLIĞI EK GİRİŞ - KONU TERİMİ
Konusal terim veya coğrafi ad Kırgız edebiyatı--Roman.
9 (RLIN) 51284
650 #0 - KONU BAŞLIĞI EK GİRİŞ - KONU TERİMİ
Konusal terim veya coğrafi ad Kyrgyz literature--Fiction.
9 (RLIN) 51811
830 1# - SERİ EK GİRİŞİ - TEKBİÇİM ESER ADI
Tekbiçim Başlık Ötüken Neşriyat ;
Volume number/sequential designation yayın no: 298.
9 (RLIN) 11308
830 1# - SERİ EK GİRİŞİ - TEKBİÇİM ESER ADI
Tekbiçim Başlık Edebi eserler ;
Volume number/sequential designation 154
9 (RLIN) 7086
942 ## - EK GİRİŞ ÖGELERİ (KOHA)
Source of classification or shelving scheme Library of Congress Classification
Koha item type Book
505 ## - İÇİNDEKİLER NOTU
--
Holdings
Materyal Türü Kalıcı Konum Mevcut Konum Sınıflandırma Kaynağı Edinim Bilgisi Ana Konular Alt Konular Yer Numarası Demirbaş Numarası Fatura Tarihi Maliyet, Alış Fiyatı Maliyet, Yenileme Fiyatı Geri Çekilme Durumu Kayıp Durumu Hasarlı Durumu Kredi için değil Kayıt Tarih Toplam Ödünçverme Son Görülme Tarihi Son Kontrol Tarihi
Book BŞEÜ Gölpazarı MYO Kütüphanesi BŞEÜ Gölpazarı MYO Kütüphanesi Library of Congress Classification Satın DİL VE EDEBİYAT Slav Dilleri, Baltık Dilleri, Arnavutça PG3478.I8 T67 2010 0025929 15/12/2010 5.40 5.40         09/12/2010   05/12/2024 05/12/2024
Book BŞEÜ Pazaryeri MYO Kütüphanesi BŞEÜ Pazaryeri MYO Kütüphanesi Library of Congress Classification Satın DİL VE EDEBİYAT Slav Dilleri, Baltık Dilleri, Arnavutça PG3478.I8 T67 2010 0025931 15/12/2010 5.40 5.40         09/12/2010   05/12/2024 05/12/2024